| 000 | 03014nam0a2200457 4500 | ||
|---|---|---|---|
| 001 | RU\NLR\BIBL_A\010010244 | ||
| 005 | 20260408163122.0 | ||
| 010 |
_a978-5-7579-1905-8 _9250 |
||
| 021 |
_aRU _b13-85166 |
||
| 035 | _a(NLR Aleph) 010010244 | ||
| 035 | _a(NILC)RuMoRGB-006683968 | ||
| 090 |
_a9850181 _c9850181 |
||
| 100 | _a20131204d2013 u y0rusy50 ca | ||
| 101 | 0 | _arus | |
| 102 | _aRU | ||
| 105 | _aa|||j|||000yy | ||
| 200 | 1 |
_aДискретная математика _eалгебраические системы. Алгебры. Модели _eучебное пособие _e[для студентов специальностей "Прикладная математика и информатика", "Программное обеспечение вычислительной техники и автоматизированных систем", студентов-бакалавров по направлению "Информатика и вычислительная техника"] _fЛ. Г. Амбарцумов _gМ-во образования и науки Рос. Федерации, Федер. гос. бюджет. образоват. учреждение высш. проф. образования Казан. нац. исслед. техн. ун-т им. А. Н. Туполева - КАИ" |
|
| 210 |
_aКазань _cИзд-во Казанского государственного технического университета _d2013 |
||
| 215 |
_a103, [3] с. _cил. _d20 |
||
| 320 | _aБиблиогр. в конце кн. (12 назв.) | ||
| 517 | 1 | _aАлгебраические системы. Алгебры. Модели | |
| 606 |
_aАлгебры _jУчебные издания для высших учебных заведений _9928506 _3RU\NLR\AUTH\6622897 |
||
| 606 |
_aАлгебраические системы _jУчебные издания для высших учебных заведений _9938408 _3RU\NLR\AUTH\6628111 |
||
| 606 | 1 |
_aВекторные пространства _jУчебные издания для высших учебных заведений _91309771 _3RU\NLR\AUTH\66226530 |
|
| 606 |
_aМатроиды (мат.) _jУчебные издания для высших учебных заведений _3RU\NLR\AUTH\6628147 _9938473 |
||
| 606 |
_aГруппы (мат.) подстановок _jУчебные издания для высших учебных заведений _3RU\NLR\AUTH\66384449 _91010177 |
||
| 675 | _a519.854(075.8) | ||
| 686 | 1 | _aВ152.54я73-1 | |
| 686 | 1 | _aВ152.7я73-1 | |
| 686 | 1 | _aВ181.141я73-1 | |
| 686 | 1 | _aВ152.232я73-1 | |
| 686 | 1 | _aВ152.35я73-1 | |
| 700 | 1 |
_aАмбарцумов _bЛ. Г. _gЛев Ганжумович |
|
| 801 | 0 |
_aRU _bRuMoRKP _c20131021 _gRCR |
|
| 801 | 1 |
_aRU _bRuMoRKP _c20131021 _2rusmarc |
|
| 801 | 2 |
_aRU _bРГБ _c20131105 _grcr |
|
| 942 | _cBOOK | ||
| 980 | _aNBR | ||
| 980 | _aNB | ||